| 000 | 02364cam a22004574a 4500 | ||
|---|---|---|---|
| 001 | muse76808 | ||
| 003 | MdBmJHUP | ||
| 005 | 20210127151742.0 | ||
| 006 | m o d | ||
| 007 | cr||||||||nn|n | ||
| 008 | 111109s2012 ne o 00 0 eng d | ||
| 010 | _z 2013367279 | ||
| 020 | _a9789048515134 | ||
| 020 | _a9048515130 | ||
| 020 | _z9789089643674 | ||
| 020 | _z9089643672 | ||
| 035 | _a(OCoLC)1176193646 | ||
| 040 |
_aMdBmJHUP _cMdBmJHUP |
||
| 050 | 0 | 4 |
_aDJ411.A53 _bI42 2012 |
| 245 | 0 | 0 |
_aImagining Global Amsterdam _bHistory, Culture, and Geography in a World City / _cedited by Marco de Waard. |
| 264 | 1 | _bAmsterdam University Press, | |
| 264 | 3 | _bProject MUSE, | |
| 300 |
_a1 online resource (316 p.) : _bill. ; |
||
| 490 | 0 | _aCities and Cultures | |
| 504 | _aIncludes bibliographical references and index. | ||
| 506 | 0 |
_aOpen Access _fUnrestricted online access _2star |
|
| 520 | _aImagining Global Amsterdam brings together new essays on the image of Amsterdam as articulated in film, literature, art, and urban discourse, considered within the context of globalization and its impact on urban culture. Subjects include: Amsterdam's place in global cultural memory; expressions of global consciousness in Amsterdam in the 'Golden Age'; articulations of Amsterdam as a tolerant, multicultural, and permissive 'global village'; and globalization's impact 'on the ground' through city branding, the cultural heritage industry, and cultural production in the city. Written by an interdisciplinary team of scholars, and united by a broad humanities approach, this collection forms a multifaceted inquiry into the dynamic relationship between Amsterdam, globalization, and the urban imaginary. | ||
| 588 | _aDescription based on print version record. | ||
| 651 | 0 |
_aAmsterdam (Netherlands) _xSocial life and customs. |
|
| 651 | 0 |
_aAmsterdam (Netherlands) _xHistory. |
|
| 655 | 7 |
_aElectronic books. _2local |
|
| 700 | 1 | _aWaard, Marco de. | |
| 710 | 2 |
_aProject Muse. _edistributor |
|
| 830 | 0 | _aCities and cultures. | |
| 830 | 0 | _aBook collections on Project MUSE. | |
| 856 | 4 | 0 |
_zFull text available: _uhttps://muse.jhu.edu/book/66616/ |
| 999 |
_c26904 _d26904 |
||